| 000 | 00780nam a2200205Ii 4500 | ||
|---|---|---|---|
| 003 | JO-AjNU | ||
| 008 | 230605s9999||||xx |||||||||||||| ||und|| | ||
| 017 | _a2009/11/4780 | ||
| 040 |
_aJO-AjNU _bara _erda _cJO-AjNU |
||
| 041 | _aara | ||
| 050 | 1 | 4 | _aDS154.9.T3 2009 |
| 100 | 3 |
_aالخوالدة، عماد, _eauthor _950104 |
|
| 245 | 0 | 0 | _aالطفيلة تاريخ وحضارة (آدوم): دراسة في تاريخ حضارة آدوم وإنتشار قبائلها |
| 264 | 3 | 1 | _aعمان: المؤلف، 2009 |
| 300 | _a80ص | ||
| 336 |
_atext _btxt _2rdacontent |
||
| 337 |
_aunmediated _bn _2rdamedia |
||
| 338 |
_avolume _bnc _2rdacarrier |
||
| 650 | 4 |
_aالطفيلة - الاردن - التاريخ القديم - الحضارات القدينة - الاردن _950105 |
|
| 999 |
_aA22049 _c25617 _d25617 |
||